000
00350pam a2200157a 44500
008
230515b1987 xxu||||| |||| 00| 0 eng d
020
_a
NULL
041
_a
NULL
082
_a
CHE
100
_a
CHEREMISINOFF P.N.
245
_a
CIVIL ENGINEERING PRACTICE
250
_a
NULL
260
_a
NULL
_b
TECHN
_c
1987
300
_a
685 HB
650
_a
NULL
999
_c
631483
_d
631483